| 000 | 00469nam a2200181Ia 4500 | ||
|---|---|---|---|
| 008 | 230524s9999 xx 000 0 und d | ||
| 020 | _a9788131809426 | ||
| 082 |
_a624.18341 _bPUN |
||
| 100 | _aDr.B.C.Punima | ||
| 245 | 0 | _aR.C.C. Designs:Reinforced Concrete Structures | |
| 250 | _a10 | ||
| 260 |
_aNew Delhi _bLaxmi Pub. _c2014 |
||
| 300 | _a"XXIII,1243p;" | ||
| 500 | _aQuantity Number: 10 | ||
| 650 | _aCivil | ||
| 700 | _aEr.Ashok Kumar Jain | ||
| 942 | _cBK | ||
| 999 |
_c55169 _d55169 |
||